000 00643nam a2200241Ia 4500
003 OSt
005 20220918231535.0
006 a|||||r|||| 00| 0
007 ta
008 220917b |||||||| |||| 00| 0 eng d
024 _a308,258
037 _cTextual
040 _aARTS
_cARTS
_benu
041 _2enu
_aenu
082 _aO111,3N08,1, 168J6
100 _aWilliam Saroyan
_9155010
245 0 _aInsaani Tamasha
260 _c1956
650 _aURDU LITERATURE
700 _a Shafeequrrehrnan
_9155011
942 _hO111,3N08,1, 168J6
_cTEXL
_2CC
999 _c291631
_d291631